Responses for Show #1025 - Friday, February 3, 1989

Contestants

[<< previous game]

Michelle Stein-Evers, a political analyst & human rights assistant from New York City, New York

Tyler Ochoa, an attorney originally from La Mesa, California

Curt Surls, a law clerk originally from Iowa Falls, Iowa (whose 2-day cash winnings total $16,400)

[next game >>]

Jeopardy! Round responses

VICE PRESIDENTS
LYRICS
MONEY
KID STUFF
FOOD
FAMOUS DAVIDS
    $100 3
John Adams

Tyler
    $100 11
hearts

Curt
    $100 1
(Curt: What are the $5,000 and the $1,000?)

the $1,000 bill & the $500 bill

CurtMichelle
    $100 14
Mickey Mouse

Tyler
    $100 20
the holes (the eyes)

Tyler
    $100 2
(David) Eisenhower

Tyler
    $200 4
George Bush

Michelle
    $200 27
Cheers

Curt
    $200 13
(Curt: What is Great Britain?)

Spain

CurtTyler
    $200 15
a backwards R

Tyler
    $200 23
a strawberry

Michelle
    $200 5
David Birney

Michelle
    $300 9
a lawyer

Curt
    $300 28
"Bad"

Curt
    $300 19
Germany

Michelle
    $300 16
Italy

Tyler
    $300 24
(Alex: We've got a minute to go.)

a soup

Michelle
    $300 6
(Tyler: Who is Jay Leno?)

David Letterman

CurtTyler
    $400 10
the Senate chamber

Michelle
    $400 29
"Candle In The Wind"

Curt
    $400 21
the Secretary of the Treasury and the Treasurer of the United States

Tyler
    $400 17
Teddy Ruxpin

Tyler
    $400 25
lobster Thermidor

Michelle
    $400 7
David Crosby

Michelle
    $600 12
(Alex: Agnew, Ford, Rockefeller, and Mondale.)

4

Curt
    $500 30
(Alex: Michelle, you smiled broadly on that one. How tall are you?)
(Michelle: I'm tall enough to be not a short person.)

short people

Michelle
    $500 22
a dime

Michelle
    $500 18
(Michelle: The 3 men in a tub.)

the butcher, the baker, and the candlestick maker

TylerMichelle
    $500 26
a nonpareil

Michelle
    $500 8
David Selznick

Tyler

Scores at the first commercial break (after clue 12):

Curt Tyler Michelle
$1,200 $400 $1,300

Scores at the end of the Jeopardy! Round:

Curt Tyler Michelle
$1,900 $2,600 $3,500

Double Jeopardy! Round responses

U.S. GEOGRAPHY
LITERATURE
DOGS
ASSASSINATIONS
ANTONYMS
SECRETARIES
    $200 1
the Ozarks

Curt
    $200 14
Robinson Crusoe

Tyler
    $200 23
dalmatians

Curt
    $200 9
IRA

Michelle
    $200 6
Windward Islands

Curt
    $200 19
Crystal

Triple Stumper
    $400 2
132

Curt
    $400 15
Manderley

Tyler
    $400 27
Roman

Triple Stumper
    $400 10
Trotsky

Curt
    $400 7
(Curt: What is Salem?)

Concord

CurtTyler
    $400 20
Jessica Hahn

Tyler
    $1,700 3
Vermont

Curt
    $600 16
(Tyler: What is "Jane Eyre"?)

Wuthering Heights

TylerMichelle
    $600 28
[The end-of-round signal sounds.]

rabbits

Tyler
    $600 11
Gandhi

Tyler
    $1,000 8
(Tyler: Nothing.)

rural & urban

Tyler
    $600 24
Ann Sothern

Curt
    $800 4
Augusta, (Maine)

Tyler
    $800 17
Somerset Maugham

Tyler
    $800 12
...
(Alex: Fillmore died of natural causes.)

McKinley

Curt
    $800 21
(Curt: What is yon?)
(Tyler: What is farther?)

further

CurtTyler
Triple Stumper
    $800 25
Dr. No

Triple Stumper
    $1000 5
Florida

Michelle
    $1000 18
Thomas Mann

Michelle
    $1000 13
Park (Chung-hee)

Michelle
    $1000 22
solvent

Tyler
    $1000 26
National Security Council

Tyler

Scores at the end of the Double Jeopardy! Round:

Curt Tyler Michelle
$5,200 $6,400 $7,300

[wagering suggestions for these scores]

Final Jeopardy! Round responses

GREAT BRITAIN
CurtWho is Heath?
$5,000
TylerWho is Callahan?
$6,400
MichelleWho is MacMilian?
$6,000
(1 of) James Callaghan, Harold Wilson & Alexander Douglas-Home

Final scores:

Curt Tyler Michelle
$200 $12,800 $1,300
3rd place: Sierra fireplace New champion: $12,800 2nd place: trip to Las Vegas

Game dynamics:

Coryat scores:

Curt Tyler Michelle
$4,000 $7,400 $7,300
15 R
(including 2 DDs),
4 W
21 R,
4 W
(including 1 DD)
17 R,
1 W

Combined Coryat: $18,700

[game clues] [game scores] [suggest correction]

Game tape date: 1988-11-01
The J! Archive is created by fans, for fans. Scraping, republication, monetization, and malicious use prohibited; this site may use cookies and collect identifying information. See terms. The Jeopardy! game show and all elements thereof, including but not limited to copyright and trademark thereto, are the property of Jeopardy Productions, Inc. and are protected under law. This website is not affiliated with, sponsored by, or operated by Jeopardy Productions, Inc. Join the discussion at JBoard.tv.